| 000 | 00550nam a2200205Ia 4500 | ||
|---|---|---|---|
| 005 | 20250923144407.0 | ||
| 008 | 008 250917s9999 xx 000 0 eng d | ||
| 037 | _aTextual | ||
| 040 |
_aDSWL _beng _cDSWL |
||
| 041 |
_aeng _2eng |
||
| 084 |
_aL:4:91, N44 _qDSWL |
||
| 100 |
_aJensen, Frode, _9824436 |
||
| 245 | 0 |
_aMedical care of the discharged hospital patient _cby Frode Jensen |
|
| 260 | _c1945 | ||
| 300 | _a93 p. | ||
| 365 |
_aUSD _b1 |
||
| 925 | _g1 | ||
| 942 |
_cTEXL _hL:4:91, N44 |
||
| 999 |
_c1438303 _d1438303 |
||